Statistics for Marble League Teams

Click here to take the quiz!

General Stats

  • This quiz has been taken 43 times
  • The average score is 19 of 34

Answer Stats

Answer% Correct
Mellow Yellow
80%
O'rangers
80%
Team Momo
80%
Green Ducks
77%
Savage Speeders
77%
Limers
73%
Oceanics
73%
Team Galactic
73%
Team Primary
73%
Thunderbolts
73%
Pinkies
70%
Balls of Chaos
67%
Crazy Cat's Eyes
63%
Midnight Wisps
63%
Raspberry Racers
63%
Bumblebees
60%
Snowballs
60%
Black Jacks
53%
Kobalts
53%
Hazers
50%
Minty Maniacs
50%
Shining Swarm
50%
Chocolatiers
47%
Rojo Rollers
47%
Team Plasma
47%
Hornets
43%
Jawbreakers
43%
Jungle Jumpers
43%
Gliding Glaciers
40%
Indigo Stars
40%
Turtle Sliders
40%
Team Momary
33%
Quicksilvers
27%
Golden Orbs
23%

Score Distribution

Percentile by Number Answered

Percent of People with Each Score

Your Score History

You have not taken this quiz